• 首页
  • 本馆介绍
  • 公告通知
  • 最新文献
  • 馆藏检索
  • 电子资源
  • 读者导购
  • 参考咨询
  • 我的图书馆
  • 登录
  • 详细信息显示
  • 放入我的书架
  • 预约/预借图书
  • 作者相关作品
  • 分类相关作品
  • 丛书相关作品
  • 出版社相关作品

书目信息

  • 表格格式
  • 工作单格式
  • 卡片格式
题名:
巴蜀作家与中国现代文学的发生
    
 
作者: 彭超 著
分册:  
出版信息: 北京   中国社会科学出版社  2014
页数: 301页
开本: 24cm
丛书名:
单 册:
中图分类: I206.6
科图分类:
主题词: 作家评论--四川--现代 , 中国文学--现代文学史--文学史研究
电子资源:
ISBN: 978-7-5161-4695-8
000 01184nam0 2200265 450
001 007208529
005 20150426235927.0
010    @a978-7-5161-4695-8@b@dCNY59.00
100    @a20150323d2014 em y0chiy50 ea
101 0  @achi
102    @aCN@b110000
105    @ay z 000yd
106    @ar
200 1  @a巴蜀作家与中国现代文学的发生@9ba shu zuo jia yu zhong guo xian dai wen xue de fa sheng@f彭超著@g
210    @a北京@c中国社会科学出版社@d2014
215    @a301页@c@d24cm
300    @a获西南民族大学 中国文学博士一级学科培育经费资助 四川省属高校科研创新团队“中国文论传统的民族性与文论研究的范式转型”中期成果之一 西南民族大学优秀团队及重大孵化项目“中国多民族文论传统的本体性研究”的中期成果之一
330    @a本书试图以还原历史现场的方法,探析巴蜀作家与中国现代文学发生之间的关系。分为巴蜀新文化发生的前奏、群体篇、个体篇三编。具体涉及巴蜀文化的叛逆精神,巴蜀与中国现代文学的发生,巴蜀作家与中国现代文学的共同成长等内容。
606 0  @a作家评论@y四川@z现代
606 0  @a中国文学@x现代文学史@x文学史研究
690    @aI206.6@v5
701  0 @a彭超@9peng chao@c(女,@f1976-)@4著
801  0 @aCN@b91MARC@c20150426@g
905    @aMUSE@dI206.6@e14
906    @dCNY59.00@n1@r1
    
    巴蜀作家与中国现代文学的发生/彭超著.-北京:中国社会科学出版社,2014
    301页;24cm
    获西南民族大学 中国文学博士一级学科培育经费资助 四川省属高校科研创新团队“中国文论传统的民族性与文论研究的范式转型”中期成果之一 西南民族大学优秀团队及重大孵化项目“中国多民族文论传统的本体性研究”的中期成果之一
    
    ISBN 978-7-5161-4695-8:CNY59.00
    本书试图以还原历史现场的方法,探析巴蜀作家与中国现代文学发生之间的关系。分为巴蜀新文化发生的前奏、群体篇、个体篇三编。具体涉及巴蜀文化的叛逆精神,巴蜀与中国现代文学的发生,巴蜀作家与中国现代文学的共同成长等内容。
●
相关链接 在五车中查询图书 在当当中查询图书 在豆瓣中查询图书


正题名:巴蜀作家与中国现代文学的发生     索取号:I206.6/14         预约/预借

序号 登录号 条形码 馆藏地/架位号 状态 备注
1 829700   2000829700   第一书库/ [索取号:I206.6/14] 在馆    
山东省滨州职业学院图书馆 欢迎您!
大连网信软件有限公司© 版权所有